000 00634pam a2200193 a 4500
001 3383931
005 20250614155802.0
008 880830s1988 ilu b 001 0 eng
020 _a083081258X
050 0 0 _aBS465
_b.B78 1988
082 0 0 _a220.1/2
_219
100 1 _aBruce, F. F.
_q(Frederick Fyvie),
_d1910-1990.
245 1 4 _aThe canon of scripture /
_cF.F. Bruce.
260 _aDowners Grove, Ill. :
_bInter-Varsity Press,
_cc1988.
300 _a349 p. ;
_c24 cm.
500 _aIncludes index.
856 4 2 _3Contributor biographical information
_uhttp://www.loc.gov/catdir/enhancements/fy1007/88029206-b.html
942 _2lcc
_cBK
_n0
999 _c6501
_d6501